الإحصائيات لـ مسابقة خريطة أفريقيا

أنقر هنا لكي تخضع للإختبار!

الإحصائيات العامة

  • هذا الإختبار تم الخضوع له 488 مره
  • الدرجة المتوسطة هي 17 من 54

Answers on the Map

Answers color-coded by a green-red scale on the quiz's map according to % correct below.
 

إحصائيات الإجابة

Answer% صحيح
المغرب
90%
الجزائر
90%
تونس
84%
مصر
79%
ليبيا
77%
السودان
62%
جنوب أفريقيا
54%
الصومال
53%
أثيوبيا
49%
تشاد
48%
جنوب السودان
41%
مدغشقر
41%
موريتانيا
41%
جيبوتي
39%
النيجر
37%
جمهورية افريقيا الوسطى
37%
جمهورية الكونغو الديمقراطية
36%
إريتريا
36%
دولة مالي
34%
السنغال
31%
أنغولا
29%
جزر القمر
27%
موزمبيق
26%
جمهورية الكونغو
26%
نيجيريا
26%
تنزانيا
25%
ليسوتو
24%
الكاميرون
23%
كينيا
23%
البلد الرأس الأخضر
22%
ساحل العاج
22%
زيمبابوي
21%
أوغندا
21%
ناميبيا
20%
بوتسوانا
20%
رواندا
20%
بوروندي
20%
زامبيا
19%
بلد بنين
19%
بوركينا فاسو
19%
ملاوي
19%
غينيا الإستوائية
17%
إيسواتيني
17%
غانا
16%
غامبيا
16%
الجابون
15%
غينيا
14%
سيرا ليون
14%
ليبيريا
14%
توجو
14%
موريشيوس
14%
ساو تومي و
برينسيبي
14%
غينيا بيساو
13%
سيشيل
13%

توزيع النقاط

النسبة وفقا للأرقام

نسبة الأشخاص لكل درجة

سجل النقاط الخاصة بك

لم تضخع لهذا الإختبار